02366cam a22004454i 4500003000900000005001700009008004100026035001900067040003300086082002000119245018700139264006200326300003700388336002100425337002500446338002300471505066200494526001001156526001001166526001001176526001001186526000801196526000801204526000801212526000801220526000801228526000801236526000801244630003501252630004501287700002701332700003701359910000501396942001401401949013201415596000601547999015501553980005501708952015701763PE-LiUPU20250731173210.0150625s r 000 0 d a(Sirsi) a32151 aPE-LiUPUbspacPE-LiUPUerda04a220.54bB4622113aLa sainte Bible ou le Vieux et le Nouveau Testament. n3 /cTraducida al francés de los textos hebreo y griego por los pastores y profesores de la Iglesia y la Academia de Ginebra. 1aGinebra :bChez J.J. Paschoud, imprimeur-libraire,c1805. a412 páginas,c21 centímetros atext2rdacontent aunmediated2rdamedia avolume2rdacarrier0 aNOUVEAU TESTAMENT: Mathiéu. - Marc. -Luc. -Jean. -Actes des Apôtres. -Romains. -I Corinthiens. -II Corinlhiens. -Galates. -Ephésiens. -Philippiens. -Colossiens. -I Thessaloniciens, II Thessaloniciens. -I Timothée. -II Timothée. -Tite. -Philémon. -Hébreux. -Jaques. -I Pierre. -II Pierre. -I Jean. -II Jean. -Jean. -Jude. -Apocalypse. LIVRES APOCRYPHES: III Esdras. -IV Esdras. -Tobit. -Judith. -La sagesse de Salomon. -L'Ecclésiastique. - Additions au Livre d'Esther. -Baruch. - Cantique des trois jeunes gens dans la fournaise. -Histoire de Susanne. -Histoire de Bel et du Dragon. - Prière de Manassé. -I Macchabées. -II Macchabées. aSEG42 aSEG41 aSEG40 aSEG39 aP94 aP87 aP86 aP85 aP77 aP76 aP35 aBiblia.pN.T.lFrancésf1805 aBiblia.pA.T.xApócrifosvComentarios.1 aPaschoud, J.J.eeditor1 aCamus, Alfredo Adolfoeant. pos. a 2ddccBOOK a220 3wDEWEYc1i14043lCCODEBUL1mBULp00.00r0sYtBOOKu2015-06-25xBIBLIOTECAzUNKNOWN0COMPRAo.STAFF. Colección General a1 a220.54 B46 3wDEWEYc39779i14043f2021-11-11g5lCCODEBUL1mBULr0sYtBOOKu2015-6-25xTEOLOGIAzUNKNOWN0COMPRAo.STAFF. Colección Generald39779 81gALBERTO SANCHEZ Responsable de Automatización r2025-12-02 00:00:00i6l0o220.54 B46 3p14043te1w2015-06-25xPGyBKzinventario-2023-12-13102ddc50708GENfP86aBULbBULcGENd2015-06-25eCOMPRA